[Event "Championnat de France Accession 2011"]
[Site "Caen"]
[Date "2011.08.25"]
[Round "9.27"]
[White "Etrog, Jonathan"]
[Black "Kassis, Antoine"]
[Result "0-1"]
[WhiteElo "2188"]
[BlackElo "2165"]
[PlyCount "28"]
[EventDate "2011.??.??"]

1. Nf3 Nf6 2. c4 Nc6 3. d4 e6 4. g3 d5 5. Bg2 dxc4 6. O-O Rb8 7. Bg5 Be7 8. Nc3
b5 9. Ne5 Nxe5 10. dxe5 Nd7 11. Bxe7 Qxe7 12. a4 b4 13. Nb5 Qc5 14. Qd4 Rxb5
0-1

[Event "Championnat de France Accession 2011"]
[Site "Caen"]
[Date "2011.08.26"]
[Round "10.1"]
[White "Mullon, Jean-Baptiste"]
[Black "Bissieres, Matthieu"]
[Result "1/2-1/2"]
[WhiteElo "2400"]
[BlackElo "2352"]
[PlyCount "44"]
[EventDate "2011.??.??"]

1. e4 d6 2. Nc3 c5 3. d4 cxd4 4. Qxd4 a6 5. Be3 Nf6 6. O-O-O Nc6 7. Qb6 Qxb6 8.
Bxb6 g6 9. Nd5 Nxd5 10. exd5 Ne5 11. Ne2 Bg7 12. f4 Nd7 13. Bd4 O-O 14. g3 Nf6
15. Bg2 Bf5 16. Rhe1 Rfe8 17. a4 Rac8 18. c3 Nd7 19. Bxg7 Kxg7 20. Nd4 Nc5 21.
Nxf5+ gxf5 22. a5 Kf6 1/2-1/2

[Event "Championnat de France Accession 2011"]
[Site "Caen"]
[Date "2011.08.26"]
[Round "10.2"]
[White "Lerch, Patrice"]
[Black "Colin, Vincent"]
[Result "0-1"]
[WhiteElo "2356"]
[BlackElo "2410"]
[PlyCount "84"]
[EventDate "2011.??.??"]

1. e4 e6 2. Nf3 c5 3. b3 b6 4. Bd3 Bb7 5. O-O Nc6 6. Re1 Nge7 7. Bb2 Ng6 8. Bf1
Qc7 9. Na3 a6 10. c3 Be7 11. d4 cxd4 12. cxd4 d5 13. exd5 exd5 14. Nc2 O-O 15.
Ne3 Rad8 16. Rc1 Bb4 17. Re2 Qd7 18. Rec2 Bd6 19. Ne5 Ngxe5 20. dxe5 Bc5 21.
Rd2 d4 22. Qh5 dxe3 23. Rxd7 exf2+ 24. Kh1 Rxd7 25. a3 Rfd8 26. e6 fxe6 27. Qh3
e5 28. b4 Bd4 29. Rd1 Re7 30. Qf5 Bc8 31. Qc2 Bg4 32. Bxd4 Nxd4 33. Qa2+ Kh8
34. Rd2 e4 35. Rxd4 Rxd4 36. Qxf2 Rd8 37. Qh4 Rd1 38. Qf2 Kg8 39. h3 e3 40.
Qa2+ Kf8 41. Qc4 e2 42. Qf4+ Ke8 0-1

[Event "Championnat de France Accession 2011"]
[Site "Caen"]
[Date "2011.08.26"]
[Round "10.3"]
[White "Bujisho, Benjamin"]
[Black "Dubessay, Bastien"]
[Result "1/2-1/2"]
[WhiteElo "2369"]
[BlackElo "2310"]
[PlyCount "72"]
[EventDate "2011.??.??"]

1. e4 c5 2. Nf3 d6 3. d4 cxd4 4. Nxd4 Nf6 5. Nc3 a6 6. Bg5 Nbd7 7. Bc4 Qb6 8.
Bb3 e6 9. O-O Be7 10. Be3 Nc5 11. f4 O-O 12. Qf3 Qc7 13. g4 b5 14. g5 Nfxe4 15.
Nxe4 Bb7 16. Nxe6 fxe6 17. Bxc5 dxc5 18. Bxe6+ Kh8 19. Qe3 Qc6 20. Bg4 Bd6 21.
Rad1 Bc7 22. Rd7 c4 23. Qc3 Bb6+ 24. Kg2 Rg8 25. Rxb7 Qxb7 26. Bf3 Qe7 27. g6
b4 28. Qxc4 Rac8 29. Qb3 Qc7 30. Ng5 Qxc2+ 31. Qxc2 Rxc2+ 32. Kg3 hxg6 33. Nf7+
Kh7 34. Ng5+ Kh8 35. Nf7+ Kh7 36. Ng5+ Kh8 1/2-1/2

[Event "Championnat de France Accession 2011"]
[Site "Caen"]
[Date "2011.08.26"]
[Round "10.4"]
[White "Collas, Didier"]
[Black "Bellahcene, Bilel"]
[Result "1-0"]
[WhiteElo "2399"]
[BlackElo "2231"]
[PlyCount "95"]
[EventDate "2011.??.??"]

1. e4 c5 2. Nf3 d6 3. d4 cxd4 4. Nxd4 Nf6 5. Nc3 g6 6. Be2 Bg7 7. O-O Nc6 8.
Nb3 O-O 9. Re1 Be6 10. Bf1 Rc8 11. Nd5 Nd7 12. c3 Re8 13. Bg5 Bxd5 14. exd5
Nce5 15. a4 Bf6 16. Bh6 a6 17. a5 Nc4 18. Ra2 Nf8 19. Re4 Ne5 20. h3 Ned7 21.
Rb4 Rc7 22. Ra1 Qc8 23. Re4 Bg7 24. Bxg7 Kxg7 25. Qd4+ Kg8 26. Rae1 Nc5 27.
Nxc5 dxc5 28. Qe5 Rd7 29. Qg5 Qd8 30. Bc4 Qc7 31. g3 Kg7 32. Qe5+ Qxe5 33. Rxe5
f6 34. R5e3 Kf7 35. Bb3 Red8 36. d6+ e6 37. Rxe6 Nxe6 38. Bxe6+ Kf8 39. Bxd7
Rxd7 40. Rd1 Kf7 41. Rd5 Ke6 42. Rxc5 Kxd6 43. b4 Re7 44. g4 Re5 45. Rxe5 Kxe5
46. Kf1 Kd5 47. Ke2 Kc4 48. Kd2 1-0

[Event "Championnat de France Accession 2011"]
[Site "Caen"]
[Date "2011.08.26"]
[Round "10.5"]
[White "Saada, Julien"]
[Black "Saucey, Michel"]
[Result "1-0"]
[WhiteElo "2310"]
[BlackElo "2319"]
[PlyCount "59"]
[EventDate "2011.??.??"]

1. d4 g6 2. e4 Bg7 3. Nf3 c5 4. d5 d6 5. Nc3 Nf6 6. Be2 O-O 7. O-O e6 8. dxe6
Bxe6 9. Ng5 Nc6 10. Nxe6 fxe6 11. Be3 Qe7 12. f4 a6 13. Bf3 Nd7 14. g3 Nd4 15.
Bg2 b5 16. e5 Rad8 17. exd6 Qxd6 18. Ne4 Qc7 19. c3 Nf5 20. Qe2 h6 21. Bf2 Kh7
22. a4 b4 23. Qxa6 bxc3 24. bxc3 e5 25. g4 exf4 26. gxf5 gxf5 27. Qd6 Qxd6 28.
Nxd6 f3 29. Bxf3 Bxc3 30. Rad1 1-0

[Event "Championnat de France Accession 2011"]
[Site "Caen"]
[Date "2011.08.26"]
[Round "10.6"]
[White "Tirard, Hugo"]
[Black "Dionisi, Thomas"]
[Result "1-0"]
[WhiteElo "2470"]
[BlackElo "2191"]
[PlyCount "113"]
[EventDate "2011.??.??"]

1. e4 c5 2. Nf3 Nc6 3. Bb5 f5 4. exf5 Nh6 5. d4 Nxd4 6. Nxd4 cxd4 7. Qh5+ Nf7
8. O-O Qc7 9. c3 g6 10. Qe2 Qe5 11. fxg6 hxg6 12. Qxe5 Nxe5 13. cxd4 Nc6 14.
Bd3 Nxd4 15. Bxg6+ Kd8 16. Nc3 Nf3+ 17. gxf3 Rg8 18. Bg5 Rxg6 19. h4 b6 20.
Rfe1 Bb7 21. f4 Rc8 22. Kh2 Rg7 23. Rad1 Rc5 24. Re3 Ke8 25. a3 d6 26. b4 Rc4
27. Nb5 Kd7 28. Nd4 Rf7 29. Ne6 Re4 30. Rxe4 Bxe4 31. Nxf8+ Rxf8 32. Re1 d5 33.
f3 Bxf3 34. Rxe7+ Kc6 35. Kg3 Bd1 36. Rxa7 d4 37. Kf2 d3 38. Ke3 Bc2 39. h5
Re8+ 40. Re7 Ra8 41. h6 Kd6 42. h7 Rh8 43. Kd2 Bb1 44. Bf6 Rc8 45. Re1 Rc2+ 46.
Ke3 Re2+ 47. Kf3 Rxe1 48. h8=Q Re2 49. Be5+ Kc6 50. Qe8+ Kd5 51. Qb5+ Ke6 52.
Qxb6+ Ke7 53. Qc7+ Ke8 54. f5 Ba2 55. Qc8+ Ke7 56. f6+ Kf7 57. Qd7+ 1-0

[Event "Championnat de France Accession 2011"]
[Site "Caen"]
[Date "2011.08.26"]
[Round "10.7"]
[White "Coursaget, Nicolas"]
[Black "Benitah, Yohan"]
[Result "0-1"]
[WhiteElo "2307"]
[BlackElo "2392"]
[PlyCount "72"]
[EventDate "2011.??.??"]

1. d4 Nf6 2. Nf3 c5 3. c4 cxd4 4. Nxd4 e5 5. Nb5 d6 6. g3 Be6 7. b3 a6 8. N5c3
d5 9. cxd5 Nxd5 10. Bg2 Bb4 11. Bd2 Nc6 12. O-O O-O 13. Ne4 Be7 14. Nbc3 Rc8
15. Ng5 Bxg5 16. Nxd5 Bxd2 17. Qxd2 Nd4 18. e4 f5 19. Qb4 Bxd5 20. exd5 Nc2 21.
Qxb7 Qd6 22. Rac1 Rc7 23. Qxc7 Qxc7 24. Rfd1 Qc3 25. d6 Rd8 26. Bd5+ Kf8 27.
Bc4 Qb2 28. Bxa6 Rxd6 29. Rxd6 Qxc1+ 30. Bf1 Nd4 31. b4 Qc7 32. Rd5 Qb7 33.
Rd8+ Ke7 34. Rg8 Nf3+ 35. Kg2 Nd2+ 36. Kg1 Qxb4 0-1

[Event "Championnat de France Accession 2011"]
[Site "Caen"]
[Date "2011.08.26"]
[Round "10.9"]
[White "Favarel, Julien"]
[Black "Olivier, Jean-Christophe"]
[Result "1/2-1/2"]
[WhiteElo "2222"]
[BlackElo "2388"]
[PlyCount "121"]
[EventDate "2011.??.??"]

1. c4 Nf6 2. g3 e5 3. Bg2 d5 4. cxd5 Nxd5 5. Nc3 Nb6 6. Nf3 Nc6 7. O-O Be7 8.
a3 Be6 9. d3 f5 10. e4 O-O 11. exf5 Bxf5 12. Ne4 Qd7 13. Bg5 Rad8 14. Bxe7 Qxe7
15. Nh4 Bc8 16. Kh1 Nd4 17. Qh5 Nd5 18. Rae1 g6 19. Qg5 Rfe8 20. Qxe7 Rxe7 21.
f4 Kg7 22. Nc3 Nxc3 23. bxc3 Nc2 24. Re2 Nxa3 25. d4 e4 26. Rxe4 Rxe4 27. Bxe4
Nb5 28. Rc1 Re8 29. Bd3 Nd6 30. Kg1 Re3 31. Kf2 Re8 32. Ra1 a6 33. Nf3 Bf5 34.
Bxf5 gxf5 35. Nd2 Kf6 36. Ra5 Nb5 37. Nb1 c6 38. Ra2 h5 39. Rd2 Re4 40. d5 cxd5
41. Rxd5 Rc4 42. Rd3 Rc6 43. Ke3 Ke6 44. Kd2 Rd6 45. c4 Nc7 46. Nc3 b5 47. cxb5
Nxb5 48. Na4 Rxd3+ 49. Kxd3 Kd5 50. Nb6+ Kc5 51. Nd7+ Kb4 52. Nb6 a5 53. h3 a4
54. Nxa4 Kxa4 55. g4 fxg4 56. hxg4 hxg4 57. f5 g3 58. Ke3 Nd6 59. f6 Ne4 60.
Kf3 Nxf6 61. Kxg3 1/2-1/2

[Event "Championnat de France Accession 2011"]
[Site "Caen"]
[Date "2011.08.26"]
[Round "10.10"]
[White "Song, Julien"]
[Black "Mancini, Mario"]
[Result "0-1"]
[WhiteElo "2336"]
[BlackElo "2213"]
[PlyCount "108"]
[EventDate "2011.??.??"]

1. d4 Nf6 2. c4 e6 3. Nf3 b6 4. a3 Ba6 5. Qb3 Be7 6. Nc3 d5 7. cxd5 exd5 8. g3
O-O 9. Bg2 c6 10. O-O Nbd7 11. Rd1 Bd6 12. Qc2 Bb7 13. b4 a6 14. Nd2 Re8 15. e4
Nxe4 16. Ndxe4 dxe4 17. Nxe4 Be7 18. Bb2 Rc8 19. Rac1 Nf6 20. Ng5 h6 21. Nf3
Nd5 22. Ne5 Bg5 23. f4 Bf6 24. Qb3 Qd6 25. a4 Qe6 26. a5 b5 27. Rd3 Be7 28. Ba3
f6 29. f5 Qxf5 30. Nxc6 Bxc6 31. Rxc6 Rcd8 32. Rf3 Qd7 33. Rxa6 Kh8 34. Rd3 Qc8
35. Ra7 Qb8 36. Rxe7 Nxe7 37. d5 Nf5 38. Rd1 Ne3 39. Bb2 Nxd1 40. Qxd1 Qd6 41.
Qd2 Rc8 42. a6 Qxa6 43. d6 Qb6+ 44. Kf1 Qe3 45. Qxe3 Rxe3 46. d7 Rd8 47. Bc6
Rd3 48. Bxb5 R3xd7 49. Bxd7 Rxd7 50. Ke2 Kg8 51. Ke3 Kf7 52. Bd4 Ke6 53. b5 Kd5
54. b6 Kc4 0-1

[Event "Championnat de France Accession 2011"]
[Site "Caen"]
[Date "2011.08.26"]
[Round "10.12"]
[White "Stephan, Victor"]
[Black "Loiseau, Quentin"]
[Result "1-0"]
[WhiteElo "2280"]
[BlackElo "2142"]
[PlyCount "69"]
[EventDate "2011.??.??"]

1. d4 d5 2. c4 e6 3. Nf3 Nf6 4. g3 dxc4 5. Bg2 a6 6. O-O Nc6 7. Nc3 Rb8 8. e4
Be7 9. Qe2 b5 10. Rd1 O-O 11. d5 exd5 12. e5 d4 13. exf6 Bxf6 14. Ne4 Bg4 15.
h3 Bxf3 16. Nxf6+ Qxf6 17. Qxf3 Qxf3 18. Bxf3 Nb4 19. Bf4 Nd3 20. Bxc7 Rbc8 21.
Ba5 Rfe8 22. Bb7 Rb8 23. Bxa6 Re2 24. Bc7 Ra8 25. Bxb5 Nxf2 26. Rxd4 Nxh3+ 27.
Kf1 Rxb2 28. Rad1 Rf8 29. a4 c3 30. Rd8 Rh2 31. Rxf8+ Kxf8 32. Rd8+ Ke7 33.
Re8+ Kf6 34. Be5+ Kg6 35. Bxc3 1-0

[Event "Championnat de France Accession 2011"]
[Site "Caen"]
[Date "2011.08.26"]
[Round "10.19"]
[White "Alanic, Xavier"]
[Black "Bouget, Alexandre"]
[Result "1/2-1/2"]
[WhiteElo "2264"]
[BlackElo "2199"]
[PlyCount "41"]
[EventDate "2011.??.??"]

1. d4 d6 2. c4 e5 3. dxe5 dxe5 4. Qxd8+ Kxd8 5. Nc3 c6 6. Nf3 f6 7. e3 Be6 8.
Be2 Nd7 9. O-O Kc7 10. Bd2 Nh6 11. Ne4 Nc5 12. Nxc5 Bxc5 13. Rfd1 Rhd8 14. Bc3
Rxd1+ 15. Rxd1 Rd8 16. Rxd8 Kxd8 17. Bd3 Bf5 18. Bxf5 Nxf5 19. Nd2 Be7 20. Ne4
Nd6 21. Nxd6 1/2-1/2

[Event "Championnat de France Accession 2011"]
[Site "Caen"]
[Date "2011.08.26"]
[Round "10.23"]
[White "Brethes, Francois"]
[Black "Billon, Olivier"]
[Result "0-1"]
[WhiteElo "2213"]
[BlackElo "2149"]
[PlyCount "66"]
[EventDate "2011.??.??"]

1. c4 g6 2. g3 Bg7 3. Bg2 c5 4. Nc3 Nc6 5. d3 e6 6. e4 Nge7 7. Nge2 O-O 8. Bg5
h6 9. Be3 Nd4 10. Qd2 a6 11. O-O Kh7 12. f4 d6 13. Rab1 Nec6 14. a3 Rb8 15. b4
cxb4 16. axb4 b5 17. Nxd4 Nxd4 18. Qf2 e5 19. Nd5 f5 20. c5 Be6 21. Qd2 a5 22.
cxd6 Bxd5 23. exd5 a4 24. fxe5 Bxe5 25. Bxh6 Nb3 26. Rxb3 axb3 27. Bxf8 Qb6+
28. Kh1 Rxf8 29. Rb1 Qd4 30. Bf3 b2 31. d7 Ra8 32. Qg5 Bf6 33. Qd2 Ra1 0-1

[Event "Championnat de France Accession 2011"]
[Site "Caen"]
[Date "2011.08.26"]
[Round "10.26"]
[White "Mania, Clement"]
[Black "Poignot, Quentin"]
[Result "1-0"]
[WhiteElo "2130"]
[BlackElo "2154"]
[PlyCount "113"]
[EventDate "2011.??.??"]

1. e4 c5 2. Nf3 d6 3. d4 cxd4 4. Nxd4 Nf6 5. Nc3 g6 6. Be3 Bg7 7. f3 O-O 8. Qd2
Nc6 9. g4 Be6 10. Nxe6 fxe6 11. O-O-O Ne5 12. Be2 Rc8 13. Nb5 Nc4 14. Bxc4 Rxc4
15. Kb1 Qd7 16. Nd4 Rfc8 17. c3 b5 18. Rc1 Rb8 19. a3 a5 20. h4 e5 21. Nc2 e6
22. Rcd1 Rc6 23. h5 Rd8 24. hxg6 hxg6 25. Bh6 d5 26. Bxg7 Qxg7 27. Qg5 Rdc8 28.
Rh6 Kf7 29. Ne3 Ng8 30. exd5 Qxh6 31. Qxh6 Nxh6 32. dxc6 Rxc6 33. Rd7+ Kf6 34.
Rb7 Rc5 35. Kc2 Nf7 36. b4 axb4 37. axb4 Rc8 38. Rxb5 Ng5 39. Ra5 Nxf3 40. b5
Kg5 41. Kd3 Ne1+ 42. Kd2 Nf3+ 43. Ke2 Kf4 44. Ra4+ e4 45. c4 Rh8 46. Nf1 Nd4+
47. Kf2 Rh3 48. b6 e3+ 49. Nxe3 Rxe3 50. c5 Rf3+ 51. Kg2 Rg3+ 52. Kh2 Rc3 53.
b7 Rc2+ 54. Kg1 Rc1+ 55. Kf2 Rb1 56. Rxd4+ Ke5 57. Rd7 1-0

[Event "Championnat de France Accession 2011"]
[Site "Caen"]
[Date "2011.08.26"]
[Round "10.29"]
[White "Amoyal, Pierre"]
[Black "Ricter, Jean-Paul"]
[Result "1-0"]
[WhiteElo "2234"]
[BlackElo "2093"]
[PlyCount "53"]
[EventDate "2011.??.??"]

1. d4 d6 2. Nf3 g6 3. c4 Bg7 4. e4 c5 5. d5 Nf6 6. Nc3 b5 7. cxb5 a6 8. bxa6
Bxa6 9. Bxa6 Nxa6 10. O-O O-O 11. Re1 Nd7 12. Bf4 Qb6 13. Rb1 Nc7 14. e5 dxe5
15. Nxe5 Nxe5 16. Bxe5 Bxe5 17. Rxe5 Nb5 18. Nxb5 Qxb5 19. a3 Rfb8 20. Qf3 Kf8
21. h4 Qc4 22. Qe3 Rb3 23. Qg5 Rb7 24. Rbe1 Re8 25. d6 e6 26. Qf6 Kg8 27. h5
1-0

[Event "Championnat de France Accession 2011"]
[Site "Caen"]
[Date "2011.08.26"]
[Round "10.30"]
[White "Roger, Mehdi"]
[Black "Aubry, Yannis"]
[Result "1-0"]
[WhiteElo "2201"]
[BlackElo "2073"]
[PlyCount "73"]
[EventDate "2011.??.??"]

1. e4 e6 2. d4 d5 3. Nc3 Bb4 4. e5 c5 5. a3 Bxc3+ 6. bxc3 Ne7 7. Qg4 O-O 8. Bd3
Nbc6 9. Qh5 Ng6 10. Nf3 Qc7 11. O-O c4 12. Bxg6 fxg6 13. Qg5 Qf7 14. a4 Qf5 15.
Ba3 Rf7 16. Qxf5 Rxf5 17. Nd2 Bd7 18. Bd6 g5 19. a5 Nd8 20. h3 h6 21. Rfb1 Bc6
22. Nf1 Nf7 23. Ne3 Nxd6 24. exd6 Rff8 25. Ng4 Rad8 26. Ne5 Rxd6 27. f3 Rf5 28.
Kf2 Rxe5 29. dxe5 Rd8 30. Ke3 Kf7 31. Kd4 Ke7 32. Rf1 Rf8 33. g3 Rf5 34. f4
gxf4 35. Rxf4 Rf7 36. Rxf7+ Kxf7 37. Kc5 1-0

[Event "Championnat de France Accession 2011"]
[Site "Caen"]
[Date "2011.08.27"]
[Round "11.4"]
[White "Bissieres, Matthieu"]
[Black "Tirard, Hugo"]
[Result "0-1"]
[WhiteElo "2352"]
[BlackElo "2470"]
[PlyCount "130"]
[EventDate "2011.??.??"]

1. e4 c5 2. Nf3 Nc6 3. Nc3 g6 4. d4 cxd4 5. Nxd4 Bg7 6. Be3 Nf6 7. Bc4 O-O 8.
Bb3 d6 9. h3 Na5 10. O-O b6 11. Qd3 Bb7 12. Rad1 Rc8 13. Rfe1 Nxb3 14. Nxb3 Qc7
15. Bd4 Rfd8 16. Nd5 Nxd5 17. exd5 Be5 18. c3 Bxd5 19. Bxb6 Qxb6 20. Qxd5 e6
21. Qa5 Qxa5 22. Nxa5 Bf6 23. Re4 d5 24. Ra4 Rc7 25. f4 Rb8 26. Rd2 h5 27. Nb3
Kg7 28. Kf2 Rb6 29. Kf3 Rcb7 30. g4 hxg4+ 31. hxg4 g5 32. f5 Be5 33. Re2 Kf6
34. fxe6 fxe6 35. Nc5 Rc7 36. Nd3 Bd6 37. Ra5 Rh7 38. Rf2 Kg6 39. Ke2 Rhb7 40.
Kd1 Rh7 41. Ke2 Rc6 42. Kd2 a6 43. Re2 Kf6 44. Rf2+ Ke7 45. Re2 Kd7 46. Ne5+
Bxe5 47. Rxe5 Rh2+ 48. Kd3 Rxb2 49. Rxg5 Rg2 50. Rg7+ Kd6 51. Ra7 Rxg4 52.
R5xa6 Rg3+ 53. Kd2 Rgxc3 54. Rxc6+ Rxc6 55. a4 Kc5 56. Ra8 Kd4 57. a5 e5 58. a6
e4 59. a7 e3+ 60. Ke2 Rc2+ 61. Kf3 Rf2+ 62. Kg3 Rf7 63. Kg2 Rd7 64. Kf1 Kd3 65.
Ke1 Rc7 0-1

[Event "Championnat de France Accession 2011"]
[Site "Caen"]
[Date "2011.08.27"]
[Round "11.5"]
[White "Benitah, Yohan"]
[Black "Lerch, Patrice"]
[Result "1-0"]
[WhiteElo "2392"]
[BlackElo "2356"]
[PlyCount "77"]
[EventDate "2011.??.??"]

1. d4 Nf6 2. c4 e6 3. Nc3 Bb4 4. Qc2 c5 5. dxc5 O-O 6. a3 Bxc5 7. Nf3 b6 8. Bg5
Bb7 9. e4 h6 10. Bf4 Nh5 11. Bd2 f5 12. Bd3 fxe4 13. Bxe4 Bxe4 14. Qxe4 Nc6 15.
O-O Qf6 16. b4 Bd6 17. Nb5 Be7 18. Rad1 Rad8 19. Be3 Nf4 20. Rfe1 g5 21. Nd6 g4
22. Nh4 Bxd6 23. Rxd6 Ne2+ 24. Kh1 Qxh4 25. Rxe2 Rf7 26. Red2 Rg7 27. Kg1 Qf6
28. Rd1 Rf8 29. Kh1 h5 30. b5 Nb8 31. Bd4 Qg6 32. Qxg6 Rxg6 33. a4 Rc8 34. a5
Kf7 35. axb6 axb6 36. Rxb6 Rg5 37. Be3 Rf5 38. Rb7 Ke7 39. Ba7 1-0

[Event "Championnat de France Accession 2011"]
[Site "Caen"]
[Date "2011.08.27"]
[Round "11.6"]
[White "Saucey, Michel"]
[Black "Crut, Aurelien"]
[Result "0-1"]
[WhiteElo "2319"]
[BlackElo "2317"]
[PlyCount "74"]
[EventDate "2011.??.??"]

1. d4 d5 2. Nf3 Nf6 3. c4 e6 4. e3 c6 5. b3 Nbd7 6. Bb2 Bd6 7. Nbd2 Qe7 8. Ne5
O-O 9. Bd3 c5 10. O-O b6 11. Qf3 cxd4 12. exd4 Bb7 13. Qh3 g6 14. Ndf3 Nh5 15.
Rad1 Nf4 16. Qh6 Nxd3 17. Rxd3 f6 18. Ng4 Rac8 19. Rc1 Ba6 20. Rdc3 Bb4 21.
R3c2 Bb7 22. c5 bxc5 23. a3 cxd4 24. Rxc8 Rxc8 25. Rxc8+ Bxc8 26. axb4 Qxb4 27.
Qc1 Qf8 28. Nxd4 e5 29. Ne6 Qe8 30. Nc7 Qd8 31. Nxd5 Bb7 32. Qc4 Kg7 33. Ndxf6
Nxf6 34. Bxe5 Qd1+ 35. Qf1 Qxg4 36. f4 Qe6 37. b4 Qb6+ 0-1

[Event "Championnat de France Accession 2011"]
[Site "Caen"]
[Date "2011.08.27"]
[Round "11.7"]
[White "Mancini, Mario"]
[Black "Stephan, Victor"]
[Result "1-0"]
[WhiteElo "2213"]
[BlackElo "2280"]
[PlyCount "99"]
[EventDate "2011.??.??"]

1. d4 Nf6 2. c4 e6 3. Nc3 Bb4 4. e3 b6 5. Nge2 Ne4 6. Qc2 Bb7 7. a3 Bxc3+ 8.
Nxc3 Nxc3 9. Qxc3 O-O 10. b4 d6 11. Bb2 Qf6 12. Qd2 Qh4 13. O-O-O a5 14. b5 c6
15. f3 d5 16. Kb1 dxc4 17. Bxc4 cxb5 18. Bxb5 Na6 19. Rc1 Rac8 20. h3 Qg3 21.
e4 Qd6 22. Qe2 Nc7 23. Bd3 b5 24. Rc5 Rb8 25. Rhc1 b4 26. a4 Na8 27. Rxa5 Nb6
28. Qc2 Rbc8 29. Rc5 Ra8 30. a5 Nd7 31. Rc7 Rfb8 32. e5 Qd5 33. Bc4 Qxa5 34.
Rxd7 b3 35. Bxb3 Bd5 36. Rxd5 exd5 37. Qd3 g6 38. Rc3 Rb4 39. f4 Rab8 40. g4
Qb6 41. Kc2 Rxd4 42. Qe3 h6 43. f5 Re4 44. Qxb6 Rxb6 45. Rc8+ Kh7 46. e6 Re2+
47. Kc1 Rxb2 48. Kxb2 fxe6 49. Rc7+ Kg8 50. fxe6 1-0

[Event "Championnat de France Accession 2011"]
[Site "Caen"]
[Date "2011.08.27"]
[Round "11.9"]
[White "Velten, Paul"]
[Black "Eden, James"]
[Result "1-0"]
[WhiteElo "2309"]
[BlackElo "2151"]
[PlyCount "71"]
[EventDate "2011.??.??"]

1. d4 Nf6 2. Nf3 g6 3. c4 Bg7 4. Nc3 O-O 5. e4 d6 6. Be3 c5 7. h3 cxd4 8. Nxd4
Qa5 9. Nb3 Qc7 10. Be2 Be6 11. Rc1 Nc6 12. O-O Rac8 13. f4 b6 14. f5 Bd7 15. g4
Ne5 16. g5 Nxe4 17. Nd5 Qd8 18. f6 exf6 19. gxf6 Re8 20. Nd2 Ng3 21. fxg7 Qh4
22. Rf4 Qxh3 23. Bf3 Kxg7 24. Bg2 Qe6 25. Nf3 f5 26. Ng5 Qg8 27. Rh4 h6 28.
Rxh6 Kxh6 29. Nf6 Ng4 30. Nxg8+ Rxg8 31. Bf4 Nh5 32. Qxd6 Rg7 33. Bf3 Ngf6 34.
Bxh5 Nxh5 35. Ne6+ Nxf4 36. Qxf4+ 1-0

[Event "Championnat de France Accession 2011"]
[Site "Caen"]
[Date "2011.08.27"]
[Round "11.10"]
[White "Olivier, Jean-Christophe"]
[Black "Fantinel, Thibault"]
[Result "1-0"]
[WhiteElo "2388"]
[BlackElo "2266"]
[PlyCount "119"]
[EventDate "2011.??.??"]

1. d4 e6 2. Nf3 Nf6 3. c4 Bb4+ 4. Bd2 Qe7 5. a3 Bxd2+ 6. Qxd2 d6 7. Nc3 e5 8.
d5 a5 9. e4 O-O 10. Bd3 Bg4 11. Qe3 Na6 12. Nd2 Nh5 13. g3 Nc5 14. Bc2 a4 15.
f3 Bd7 16. O-O-O Rae8 17. Rde1 g6 18. f4 f6 19. f5 Ng7 20. g4 Rb8 21. h4 b5 22.
cxb5 Bxb5 23. fxg6 hxg6 24. h5 g5 25. h6 Ne8 26. Nxb5 Rxb5 27. Qe2 Qd7 28. Nc4
c6 29. Rd1 Nc7 30. dxc6 Qxc6 31. Rxd6 Qb7 32. Rd2 Qb8 33. Nd6 Rxb2 34. Qc4+
N7e6 35. Rd5 Kh8 36. Rxc5 Qxd6 37. Kxb2 Nxc5 38. Rd1 Rb8+ 39. Ka2 Qe7 40. Rd5
Ne6 41. Bxa4 Qa7 42. Rd6 Qg1 43. Bc2 Qc1 44. Bb3 Qxc4 45. Bxc4 Nc5 46. Bd5 Na4
47. Rc6 Rb2+ 48. Ka1 Rh2 49. Rxf6 Kh7 50. Be6 Nc3 51. a4 Rh1+ 52. Kb2 Nxa4+ 53.
Ka3 Nc5 54. Bf5+ Kg8 55. Rc6 Rh3+ 56. Kb4 Nd3+ 57. Kc4 Nf4 58. Rc8+ Kf7 59. h7
Kg7 60. Rg8+ 1-0

[Event "Championnat de France Accession 2011"]
[Site "Caen"]
[Date "2011.08.27"]
[Round "11.16"]
[White "Ternault, Mathieu"]
[Black "Jablonski, Noham"]
[Result "0-1"]
[WhiteElo "2097"]
[BlackElo "2277"]
[PlyCount "68"]
[EventDate "2011.??.??"]

1. d4 f5 2. h3 d6 3. g4 fxg4 4. hxg4 Bxg4 5. Qd3 Qd7 6. Bh3 Nc6 7. Bxg4 Qxg4 8.
Nf3 Nf6 9. Rh4 Qd7 10. d5 Ne5 11. Nxe5 dxe5 12. Nc3 O-O-O 13. Ra4 Nxd5 14. Qxd5
Qxd5 15. Nxd5 Rxd5 16. Rxa7 Kb8 17. Ra3 e6 18. Rh3 Be7 19. c3 e4 20. Be3 Bf6
21. Rd1 h5 22. Rd2 g5 23. Kf1 g4 24. Rh1 h4 25. Kg2 Rhd8 26. Rxd5 Rxd5 27. Bd4
Bg5 28. e3 Ra5 29. a3 e5 30. b4 Rxa3 31. Bxe5 Ra2 32. Bf4 Bf6 33. c4 Rc2 34. b5
b6 0-1

[Event "Championnat de France Accession 2011"]
[Site "Caen"]
[Date "2011.08.27"]
[Round "11.17"]
[White "Billon, Olivier"]
[Black "Kirk, Ezra"]
[Result "1/2-1/2"]
[WhiteElo "2149"]
[BlackElo "2132"]
[PlyCount "25"]
[EventDate "2011.??.??"]

1. e4 c5 2. Nf3 Nc6 3. Nc3 g6 4. d4 cxd4 5. Nxd4 Bg7 6. Be3 Nf6 7. Bc4 Qa5 8.
O-O O-O 9. Bb3 d6 10. h3 Bd7 11. Re1 Rfc8 12. Nxc6 bxc6 13. Bd4 1/2-1/2

[Event "Championnat de France Accession 2011"]
[Site "Caen"]
[Date "2011.08.27"]
[Round "11.18"]
[White "Loiseau, Quentin"]
[Black "Alanic, Xavier"]
[Result "1/2-1/2"]
[WhiteElo "2142"]
[BlackElo "2264"]
[PlyCount "29"]
[EventDate "2011.??.??"]

1. d4 d5 2. c4 e6 3. Nf3 Nf6 4. Bg5 Nbd7 5. e3 Be7 6. Nc3 O-O 7. Rc1 c6 8. Bd3
Ne8 9. Bxe7 Qxe7 10. e4 dxe4 11. Bxe4 e5 12. dxe5 Nxe5 13. Nxe5 Qxe5 14. O-O
Nf6 15. Re1 1/2-1/2

[Event "Championnat de France Accession 2011"]
[Site "Caen"]
[Date "2011.08.27"]
[Round "11.22"]
[White "Bertrand, Quentin"]
[Black "Mania, Clement"]
[Result "1-0"]
[WhiteElo "2195"]
[BlackElo "2130"]
[PlyCount "55"]
[EventDate "2011.??.??"]

1. e4 b6 2. d4 Bb7 3. Bd3 g6 4. Nc3 Bg7 5. Nge2 e6 6. O-O d6 7. f4 Nd7 8. f5
gxf5 9. exf5 e5 10. d5 Ngf6 11. Bb5 h6 12. Ng3 Qe7 13. Nge4 O-O-O 14. Bc6 Nb8
15. Bxb7+ Kxb7 16. a4 Nbd7 17. a5 Nc5 18. Qe2 Ra8 19. b4 Ncxe4 20. Nxe4 Nxe4
21. Qxe4 Bf6 22. c4 Kc8 23. c5 bxc5 24. bxc5 Rb8 25. c6 Rg8 26. Rb1 Ra8 27. Qb4
Kd8 28. Qb8+ 1-0

[Event "Championnat de France Accession 2011"]
[Site "Caen"]
[Date "2011.08.27"]
[Round "11.24"]
[White "Decosse, Jean-Fabien"]
[Black "Schabanel, Stephane"]
[Result "1/2-1/2"]
[WhiteElo "2208"]
[BlackElo "2217"]
[PlyCount "22"]
[EventDate "2011.??.??"]

1. d4 Nf6 2. c4 d6 3. Nc3 e5 4. e4 exd4 5. Qxd4 Nc6 6. Qd3 g6 7. Nf3 Bg7 8. Be2
O-O 9. Be3 Re8 10. O-O h6 11. h3 Kh7 1/2-1/2

[Event "Championnat de France Accession 2011"]
[Site "Caen"]
[Date "2011.08.27"]
[Round "11.27"]
[White "Ricter, Jean-Paul"]
[Black "Messinger, Karl"]
[Result "1/2-1/2"]
[WhiteElo "2093"]
[BlackElo "1988"]
[PlyCount "27"]
[EventDate "2011.??.??"]

1. c4 e5 2. g3 Nf6 3. Bg2 Nc6 4. Nc3 Bc5 5. a3 a5 6. e3 O-O 7. Nge2 d6 8. O-O
Bg4 9. f3 Bf5 10. d4 exd4 11. exd4 Ba7 12. Be3 Ne5 13. b3 Re8 14. Qd2 1/2-1/2

[Event "Championnat de France Accession 2011"]
[Site "Caen"]
[Date "2011.08.27"]
[Round "11.28"]
[White "Aubry, Yannis"]
[Black "Poignot, Quentin"]
[Result "1/2-1/2"]
[WhiteElo "2073"]
[BlackElo "2154"]
[PlyCount "29"]
[EventDate "2011.??.??"]

1. d4 Nf6 2. Nf3 c5 3. e3 g6 4. dxc5 Qa5+ 5. Nbd2 Qxc5 6. a3 Bg7 7. b4 Qc7 8.
Bb2 O-O 9. Be2 d6 10. O-O b6 11. c4 Bb7 12. Qb3 Nbd7 13. Rac1 Rac8 14. Rfd1 Qb8
15. h3 1/2-1/2